[Event "La Fere op 7th"]
[Site "La Fere"]
[Date "2008.07.10"]
[Round "7"]
[White "Lamerant, Olivier"]
[Black "Bensdorp, Marlies"]
[Result "0-1"]
[WhiteElo "2090"]
[BlackElo "2284"]
[PlyCount "72"]
[EventDate "2008.07.05"]
[EventType "swiss"]
[EventRounds "9"]
[EventCountry "FRA"]
[SourceTitle "CBM 125 Extra"]
[Source "ChessBase"]
[SourceDate "2008.09.01"]
[SourceVersion "1"]
[SourceVersionDate "2008.09.01"]
[SourceQuality "1"]

1. e4 e6 2. d4 d5 3. e5 c5 4. c3 Qb6 5. Nf3 Nc6 6. Bd3 Bd7 7. dxc5 Bxc5 8. 0-0 Qc7 9. b4 Bb6 10. Qe2 Nge7 11. Ba3 Ng6 12. Bxg6 hxg6 13. Nbd2 a6 14. b5 axb5 15. Bd6 Qd8 16. Rfb1 Bc7 17. Rxb5 Bxd6 18. exd6 0-0 19. Rxb7 Bc8 20. Rbb1 Qxd6 21. Qe3 Bd7 22. Rd1 Qc7 23. Nb3 Rfc8 24. Ng5 Qe5 25. c4 Qxe3 26. fxe3 dxc4 27. Nc5 Be8 28. Nb7 Ne5 29. Nd6 Rd8 30. Nxe8 Rxe8 31. Rdc1 Ra3 32. Nf3 Nxf3+ 33. gxf3 c3 34. Rc2 Rb8 35. Re1 Rb2 36. Ree2 Raxa2 0-1

[Event "La Fere op 6th"]
[Site "La Fere"]
[Date "2007.07.13"]
[Round "9"]
[White "Cornelisse, Johnny JA"]
[Black "Lamerant, Olivier"]
[Result "1/2-1/2"]
[WhiteElo "2177"]
[BlackElo "2064"]
[PlyCount "69"]
[EventDate "2007.07.07"]
[EventType "swiss"]
[EventRounds "9"]
[EventCountry "FRA"]
[SourceTitle "CBM 119 Extra"]
[Source "ChessBase"]
[SourceDate "2007.09.04"]
[SourceVersion "1"]
[SourceVersionDate "2007.09.04"]
[SourceQuality "1"]

1. e4 c5 2. Nf3 Nc6 3. Nc3 d6 4. d4 Nxd4 5. Nxd4 Nf6 6. Bg5 e5 7. Nf3 Be7 8. Bc4 Be6 9. Bb3 0-0 10. 0-0 Qd7 11. Bxf6 Bxf6 12. Nd5 Bd8 13. c3 f5 14. exf5 Rxf5 15. Ne3 Rf7 16. Bxe6 Qxe6 17. Qd5 Qg6 18. Rad1 Be7 19. Nd2 Kh8 20. Qe4 Qh5 21. Nd5 Raf8 22. Nc4 Rxf2 23. Nce3 Rxf1+ 24. Rxf1 Rxf1+ 25. Kxf1 Qf7+ 26. Ke2 h6 27. g4 Bg5 28. Nf5 Qg6 29. Ng3 Qe6 30. Nf5 Qg6 31. b4 Bd8 32. h4 Bxh4 33. Qc4 Bg5 34. Nde7 Bxe7 35. Nxe7 1/2-1/2

[Event "La Fere op 6th"]
[Site "La Fere"]
[Date "2007.07.10"]
[Round "5"]
[White "Lamerant, Olivier"]
[Black "Azzouz, Belkhelfa"]
[Result "1-0"]
[WhiteElo "2064"]
[BlackElo "1866"]
[PlyCount "79"]
[EventDate "2007.07.07"]
[EventType "swiss"]
[EventRounds "9"]
[EventCountry "FRA"]
[SourceTitle "CBM 119 Extra"]
[Source "ChessBase"]
[SourceDate "2007.09.04"]
[SourceVersion "1"]
[SourceVersionDate "2007.09.04"]
[SourceQuality "1"]

1. e4 c5 2. Nf3 d6 3. d4 cxd4 4. Nxd4 Nf6 5. Nc3 a6 6. a4 Nc6 7. Nb3 e6 8. a5 Be7 9. Be2 0-0 10. 0-0 e5 11. Be3 Be6 12. Bb6 Qd7 13. Qd2 d5 14. exd5 Nxd5 15. Rad1 Nxb6 16. axb6 Qxd2 17. Rxd2 Rad8 18. Rfd1 Rxd2 19. Rxd2 Rd8 20. Rxd8+ Bxd8 21. Na4 Bxb3 22. cxb3 Be7 23. Bf3 Nd8 24. Bd5 Kf8 25. Kf1 Ke8 26. Ke2 Kd7 27. Kd3 f6 28. Kc4 Bd6 29. Nc5+ Bxc5 30. Kxc5 Ne6+ 31. Kc4 Nd8 32. Bg8 h6 33. Kd5 Nc6 34. Be6+ Kd8 35. Kd6 Ne7 36. g4 Ng6 37. f3 Nf4 38. Bf5 g6 39. Be4 Kc8 40. Ke7 1-0

[Event "La Fere op 6th"]
[Site "La Fere"]
[Date "2007.07.09"]
[Round "3"]
[White "Lamerant, Olivier"]
[Black "Rigolot, Lucie"]
[Result "1-0"]
[WhiteElo "2064"]
[BlackElo "1677"]
[PlyCount "105"]
[EventDate "2007.07.07"]
[EventType "swiss"]
[EventRounds "9"]
[EventCountry "FRA"]
[SourceTitle "CBM 119 Extra"]
[Source "ChessBase"]
[SourceDate "2007.09.04"]
[SourceVersion "1"]
[SourceVersionDate "2007.09.04"]
[SourceQuality "1"]

1. e4 c5 2. Nf3 d6 3. d4 cxd4 4. Nxd4 Nf6 5. Nc3 a6 6. a4 e6 7. a5 Be7 8. Be3 Nbd7 9. Bd3 0-0 10. 0-0 Nc5 11. f4 e5 12. Nf5 Bxf5 13. exf5 exf4 14. Bxf4 d5 15. Qf3 Qd7 16. Rad1 d4 17. Ne2 Rfd8 18. Be5 Nxd3 19. Qxd3 Rac8 20. Bxd4 Bc5 21. c3 Bxd4+ 22. Nxd4 Qd5 23. b4 Ne4 24. Rc1 Rxc3 25. Rxc3 Nxc3 26. Qxc3 Qxd4+ 27. Qxd4 Rxd4 28. Rc1 h6 29. Rc8+ Kh7 30. Rc7 Rxb4 31. Rxf7 Rb5 32. g4 b6 33. axb6 Rxb6 34. Ra7 Rf6 35. Kg2 h5 36. h3 hxg4 37. hxg4 Kh6 38. Kg3 Rb6 39. Kh4 Kh7 40. g5 Rb1 41. f6 Rh1+ 42. Kg4 Rg1+ 43. Kf4 Rf1+ 44. Ke3 Kh8 45. Rxg7 a5 46. Ke4 a4 47. Ra7 a3 48. Rxa3 Rg1 49. Kf5 Kh7 50. Ra7+ Kg8 51. Kg6 Re1 52. Ra8+ Re8 53. Rxe8# 1-0

[Event "La Fere op 6th"]
[Site "La Fere"]
[Date "2007.07.07"]
[Round "1"]
[White "Lamerant, Olivier"]
[Black "Pytel, Krzysztof"]
[Result "1/2-1/2"]
[WhiteElo "2064"]
[BlackElo "2418"]
[PlyCount "115"]
[EventDate "2007.07.07"]
[EventType "swiss"]
[EventRounds "9"]
[EventCountry "FRA"]
[SourceTitle "CBM 119 Extra"]
[Source "ChessBase"]
[SourceDate "2007.09.04"]
[SourceVersion "1"]
[SourceVersionDate "2007.09.04"]
[SourceQuality "1"]

1. e4 g6 2. d4 Bg7 3. Nc3 c6 4. Be3 d5 5. e5 Nh6 6. h4 Nf5 7. h5 Nxe3 8. fxe3 Qb6 9. Na4 Qa5+ 10. c3 Bf5 11. Nc5 Bxe5 12. Nxb7 Bg3+ 13. Kd2 Qb6 14. Qb3 Nd7 15. Qb4 Rb8 16. Na5 Qxb4 17. cxb4 Rxb4 18. b3 c5 19. Nc6 Rb7 20. Na5 Rc7 21. Nf3 Bd6 22. a3 Nf6 23. Bb5+ Kf8 24. Bd3 Bxd3 25. Kxd3 Nxh5 26. dxc5 Bxc5 27. Rhc1 f6 28. b4 Bb6 29. Rxc7 Bxc7 30. g4 Ng3 31. Nd4 Kf7 32. Rc1 Bb6 33. Nb5 h5 34. gxh5 gxh5 35. Nc6 h4 36. Nbxa7 h3 37. a4 h2 38. a5 Bxa7 39. Nxa7 h1Q 40. Rxh1 Nxh1 41. b5 Ke6 42. b6 Kd6 43. Nb5+ Kc6 44. Nd4+ Kb7 45. Ne6 Rc8 46. Kd4 Nf2 47. Nc5+ Rxc5 48. Kxc5 Ne4+ 49. Kxd5 Nd6 50. Ke6 Nc8 51. Kd7 f5 52. Ke6 Kc6 53. Kxf5 Kd7 54. Ke5 Nd6 55. Kd5 e6+ 56. Kc5 Nb7+ 57. Kb5 Nd6+ 58. Kc5 1/2-1/2